Pays du monde sans carte (de S à Q) - Statistiques

Statistiques générales
  • Ce quiz a été pris 177 fois
  • Le résultat moyen est 22 sur 32
Statistiques - réponses
Hint Réponse % Correct
Q Qatar
96%
R Roumanie
91%
S Slovénie
88%
S Slovaquie
87%
R Rwanda
86%
R Russie
83%
S Somalie
82%
S Soudan
80%
S Suède
80%
S Suriname
80%
S Soudan du sud
77%
S Serbie
74%
S Saint Marin
72%
S Salvador
71%
S Sainte Lucie
69%
S Suisse
69%
S Syrie
68%
R République démocratique du Congo
67%
S Saint Vincent et les grenadines
67%
S Saint Christophe et Niévès
65%
R République du Congo
64%
R République Tchèque
64%
S Sénégal
61%
S Sri-Lanka
61%
R République dominicaine
60%
S Singapour
60%
S Samoa
59%
S Sao Tomé
59%
S Seychelles
56%
S Sierra Leone
55%
R République Centrafricaine
50%
R Royaume-Uni
45%
Aucun quiz correspondant
Distribution des résultats
% des personnes avec chaque résultat
Percentile par nombre de réponses
Votre historique - résultats
Vous n’avez pas pris ce quiz